KLub a nadácia Stodvadsiaty rok začína netradične

Bibliographic Details
Main Author: Rakúsová, Gabriela, 1943- (Author)
Corporate Authors: Stredná priemyselná škola strojnícka (Košice, Slovensko) (Author), Klub priateľov SPŠS (Author)
Format: Article
Language:Slovak
Subjects:

MARC

LEADER 00000nab a2200000 a 4500
001 vtls000915958
003 SK-MaSNL
005 20260302173426.0
008 040720e19920323xo 0 slo
035 |a KE24841 
040 |a KEVKJB  |b slo  |c KEVKJB  |e AACR2 
041 0 |a slo 
044 |a xo  |c SK 
080 |a 373.6  |2 1981 
080 |a 621.396:929  |2 1981 
100 1 |a Rakúsová, Gabriela,  |d 1943-  |4 aut  |9 84087 
245 1 0 |a KLub a nadácia  |b Stodvadsiaty rok začína netradične 
610 2 7 |a Stredná priemyselná škola strojnícka (Košice, Slovensko)  |2 KEVKJB  |9 29842 
610 2 7 |a Klub priateľov SPŠS  |2 KEVKJB  |9 881138 
650 0 7 |a vznik  |2 KEVKJB  |9 315833 
650 0 7 |a úlohy  |2 KEVKJB  |9 3885 
650 0 7 |a informácie  |2 KEVKJB  |9 1285 
651 7 |a KE,  |2 KEVKJB  |9 877256 
655 7 |a periodikum  |2 snkbucl  |9 29553 
710 2 |a Stredná priemyselná škola strojnícka (Košice, Slovensko)  |4 aut  |9 29842 
710 2 |a Klub priateľov SPŠS  |4 aut  |9 881138 
773 0 8 |t Slovenský východ  |g Roč. 2  |g Roč. 20, č.70, 23.3.1992, s. 7 
852 |a ZVYKNI  |b KIS3GCP 
999 |c 1401513  |d 1403443